Shadow /

Teenager Aman and his mother lose their loyal spaniel Shadow while escaping Afghanistan to flee to England. Now they must depend on a friend and his grandfather to enable Shadow's return.

Bibliographic Details
Main Author: Morpurgo, Michael
Format: Book
Language:English
Published: New York : Feiwel and Friends, 2012
Edition:1st U.S. ed.
Subjects:

MARC

Tag First Indicator Second Indicator Subfields
LEADER 00000cam a2200000Ia 4500
001 in00002811793
005 20151202173224.0
008 120828r20122010nyu j 000 f eng d
010 |a  2012288705 
020 |a 9780312606596 
020 |a 0312606591 
035 |a (OCoLC)ocn808500468 
035 |a (OCoLC)808500468 
040 |a GAP  |b eng  |c GAP  |d BKX  |d IK2  |d BAT  |d DLC  |d IXA  |d YDXCP  |d UtOrBLW 
043 |a a-af--- 
049 |a TXAM 
050 0 0 |a PZ7.M82712  |b Sh 2012 
082 0 4 |a [Fic]  |2 23 
100 1 |a Morpurgo, Michael. 
245 1 0 |a Shadow /  |c Michael Morpurgo. 
250 |a 1st U.S. ed. 
264 1 |a New York :  |b Feiwel and Friends,  |c 2012 
264 4 |c ©2010 
300 |a 180 pages ;  |c 22 cm. 
336 |a text  |b txt  |2 rdacontent 
337 |a unmediated  |b n  |2 rdamedia 
338 |a volume  |b nc  |2 rdacarrier 
500 |a Originally published: Great Britain : HarperCollins Children's Books, c2010. 
520 |a Teenager Aman and his mother lose their loyal spaniel Shadow while escaping Afghanistan to flee to England. Now they must depend on a friend and his grandfather to enable Shadow's return. 
650 0 |a Dogs  |x War use  |v Juvenile fiction. 
650 0 |a Refugees  |z Afghanistan  |v Juvenile fiction. 
651 0 |a Afghanistan  |v Juvenile fiction. 
938 |a YBP Library Services  |b YANK  |n 7813720 
947 |a A14835929715 
945 |a PromptCat  |b 194351 
946 |a curr 
994 |a 92  |b TXA 
948 |a Cataloged  |b h  |c 2013/2/6  |d c  |e EGrant 
999 |a MARS 
999 f f |s 72a10979-026f-34d1-82b6-c152e852ea40  |i d2c77f3d-04c1-30ca-804e-c199e0eba159  |t 0 
952 f f |p normal  |a Texas A&M University  |b College Station  |c Sterling C. Evans Library  |d Evans: Curriculum Collection (4th floor)  |t 0  |e PZ7.M82712 Sh 2012  |h Library of Congress classification  |i unmediated -- volume  |m A14835929715 
998 f f |a PZ7.M82712 Sh 2012  |t 0  |l Evans: Curriculum Collection (4th floor)